000 00737nam a2200229 u 4500
005 20240314063650.0
008 150318s2003 ea r 000 0 spa d
020 _a0439424887
035 _aUPN01000202593
049 _aI
050 4 _aPS3558 O6.7
_bO9.4
100 1 _aHoose, Phillip M.,
_d1947-
_937752
245 1 0 _aOye, hormiguita /
_cPhillip y Hanna Hoose ; il. Debbie Tilley ; tr. Aurora Hernández.
260 _aNew York :
_bScholastic,
_c2003.
300 _a[22] p. :
_bil. col.
534 _pTítulo original:
_tHey, little ant
650 4 _aCuentos infantiles estadounidenses
_910762
650 4 _aHORMIGAS -
_vCUENTOS Y LEYENDAS
_912221
700 1 _aHoose, Hannah,
_ecoaut.
905 _aInfantil
999 _c174694
_d174694